000 01024nam a22003137a 4500
003 CHAP
005 20240905125912.0
008 971013s1979 r 00010 d
010 _a13055
011 _a14027
035 _a18100
040 _cCHAP
082 _a330
_bB39
100 0 0 _aBaumol, William J.
_910878
245 _aEconomics ; principles and policy
260 _aNew York :
_bHarcourt Brace Jovanovich,
_c1979
300 _a862 p.
590 _aBATCH-UPD
_b10
_c20130110
_lUCH01
_h1837
590 _aBATCH-UPD
_b10
_c20130410
_lUCH01
_h1208
590 _aBATCH-UPD
_b10
_c20130914
_lUCH01
_h0759
590 _aCONVERSION
_b10
_c20130109
_lUCH01
_h1308
650 1 4 _aEconomía.
_935226
700 0 _aBlinder, S.
_913168
901 _aBK
942 _cLIBRO
949 _a330 B39
_bBC
_cLIBRO
_d33724000307690
_eLIBRO
_fc.3
_h51592
_i18100
_si
_t494.00
949 _a330 B39
_bBC
_cLIBRO
_d33724000307708
_eLIBRO
_fc.2
_h51592
_i18100
_si
_t494.00
949 _a330 B39
_bBC
_cLIBRO
_d33724000307716
_eLIBRO
_h48751
_i18100
_si
_t494.00
999 _c13055
_d13055